| 000 | 00596nam a2200193Ia 4500 | ||
|---|---|---|---|
| 005 | 20260114185650.0 | ||
| 008 | 008 260114s9999 xx 000 0 eng d | ||
| 020 | _a9780755621170 | ||
| 037 | _aEBOOK | ||
| 040 |
_aCRL _beng _cCRL |
||
| 041 |
_aeng _2eng |
||
| 084 | _qCRL | ||
| 100 |
_aMark Jarrett _9872874 |
||
| 245 | 4 | _aThe Congress of Vienna and its Legacy War and Great Power Diplomacy after Napoleon | |
| 260 |
_bBloomsbury _c2013 |
||
| 856 | _uhttps://doi.org/10.5040/9780755621170?locatt=label:secondary_bloomsburyCollections | ||
| 942 | _cEBOOK | ||
| 999 |
_c1471822 _d1471822 |
||